Cracking the code: An audit of government offices of north Goa for compliance on prevention of sexual harassment act 2013 (Record no. 526739)

000 -LEADER
fixed length control field 01639nam a22001577a 4500
008 - FIXED-LENGTH DATA ELEMENTS--GENERAL INFORMATION
fixed length control field 240621b ||||| |||| 00| 0 eng d
100 ## - MAIN ENTRY--PERSONAL NAME
Personal name Goswami, Pronamika et al
245 ## - TITLE STATEMENT
Title Cracking the code: An audit of government offices of north Goa for compliance on prevention of sexual harassment act 2013
260 ## - PUBLICATION, DISTRIBUTION, ETC. (IMPRINT)
Place of publication, distribution, etc Indian Journal of Public Administration
300 ## - PHYSICAL DESCRIPTION
Extent 70(2), Jun, 2024: p.419-423
520 ## - SUMMARY, ETC.
Summary, etc Gender-based violence (GBV) and sexual harassment (SH) have been identified by the World Health Organisation (WHO) as significant concerns for both mental and public health (WHO, 2023). Despite this recognition, instances of GBV and SH remain prevalent and often unreported (Bondestam & Lundqvist, 2020). To prevent GBV and SH, legal consciousness where consciousness of the law for the stakeholders is prioritised and a study of how law is implemented rather than the spirit of the law is considered relevant. The power-distant organisations, such as hierarchical and leader-centric government institutions like that of the Government of India, experience higher rates of GBV and SH compared to firms with low power distance (Tinkler & Zhao, 2020) and much remains unspoken and unresearched on this knowing-doing gap. For example, what is the law and how is instrumentalised for every woman in government offices.- Reproduced

https://journals.sagepub.com/doi/full/10.1177/00195561241236102
650 ## - SUBJECT ADDED ENTRY--TOPICAL TERM
Topical term or geographic name as entry element Gender-based violence (GBV), Sexual harassment, World Health Organisation, WHO, Mental and public health
9 (RLIN) 54684
773 ## - HOST ITEM ENTRY
Main entry heading Indian Journal of Public Administration
906 ## - LOCAL DATA ELEMENT F, LDF (RLIN)
Subject DIP WOMEN
942 ## - ADDED ENTRY ELEMENTS (KOHA)
Item type Articles
Holdings
Withdrawn status Lost status Source of classification or shelving scheme Damaged status Not for loan Permanent location Current location Date acquired Serial Enumeration / chronology Barcode Date last seen Koha item type
          Indian Institute of Public Administration Indian Institute of Public Administration 2024-06-21 70(2), Jun, 2024: p.419-423 AR132314 2024-06-21 Articles

Powered by Koha